The world of biology / (Record no. 87781)

MARC details
000 -LEADER
campo de control de longitud fija 01426cam a2200433 a 4500
001 - NÚMERO DE CONTROL
campo de control 89894
005 - FECHA Y HORA DE LA ÚLTIMA TRANSACCIÓN
campo de control 20230410132804.0
008 - DATOS DE LONGITUD FIJA--INFORMACIÓN GENERAL
campo de control de longitud fija 950209s1995 paua b 001 0 eng
010 ## - NÚMERO DE CONTROL DE LA BIBLIOTECA DEL CONGRESO
Número de control de LC 94061382
035 ## - NÚMERO DE CONTROL DEL SISTEMA
Número de control de sistema (OCoLC)ocm32133329
040 ## - FUENTE DE CATALOGACIÓN
Centro catalogador/agencia de origen DLC
Centro/agencia transcriptor DLC
Centro/agencia modificador BAKER
-- BTCTA
-- YDXCP
-- ZWZ
020 ## - NÚMERO INTERNACIONAL ESTÁNDAR DEL LIBRO
Número Internacional Estándar del Libro 0030948657
020 ## - NÚMERO INTERNACIONAL ESTÁNDAR DEL LIBRO
Número Internacional Estándar del Libro 9780030948657
029 1# - OTRO NÚMERO DE CONTROL DE SISTEMA (OCLC)
Identificador de la biblioteca OCLC YDXCP
Número de control de sistema 17005
029 1# - OTRO NÚMERO DE CONTROL DE SISTEMA (OCLC)
Identificador de la biblioteca OCLC AU@
Número de control de sistema 000011511972
029 1# - OTRO NÚMERO DE CONTROL DE SISTEMA (OCLC)
Identificador de la biblioteca OCLC ZWZ
Número de control de sistema 023066652
035 ## - NÚMERO DE CONTROL DEL SISTEMA
Número de control de sistema (OCoLC)32133329
050 14 - SIGNATURA TOPOGRÁFICA DE LA BIBLIOTECA DEL CONGRESO
Número de clasificación QH 308.2
Número de ítem S689w 1995
082 00 - NÚMERO DE LA CLASIFICACIÓN DECIMAL DEWEY
Número de clasificación 574
049 ## - FONDOS LOCALES (OCLC)
Biblioteca depositaria GRAL
100 1# - ENTRADA PRINCIPAL--NOMBRE DE PERSONA
Nombre de persona Solomon, Eldra Pearl.
245 14 - MENCIÓN DEL TÍTULO
Título The world of biology /
Mención de responsabilidad, etc. Eldra Pearl Solomon, Linda R. Berg.
250 ## - MENCION DE EDICION
Mención de edición 5a ed.
260 ## - PUBLICACIÓN, DISTRIBUCIÓN, ETC.
Lugar de publicación, distribución, etc. Philadelphia :
Nombre del editor, distribuidor, etc. Saunders College Pub.,
Fecha de publicación, distribución, etc. 1995.
300 ## - DESCRIPCIÓN FÍSICA
Extensión xx, 1005, [61] p. :
Otras características físicas chiefly col. ill. ;
Dimensiones 29 cm.
500 ## - NOTA GENERAL
Nota general Rev. ed. of: The world of biology / P. William Davis, Eldra Pearl Solomon, Linda R. Berg. 4th ed. c1990.
504 ## - NOTA DE BIBLIOGRAFÍA, ETC.
Nota de bibliografía, etc. Includes bibliographical references and index.
650 #0 - PUNTO DE ACCESO ADICIONAL DE MATERIA--TÉRMINO DE MATERIA
Término de materia o nombre geográfico como elemento de entrada Biology.
650 #4 - PUNTO DE ACCESO ADICIONAL DE MATERIA--TÉRMINO DE MATERIA
Término de materia o nombre geográfico como elemento de entrada Biología
650 #7 - PUNTO DE ACCESO ADICIONAL DE MATERIA--TÉRMINO DE MATERIA
Término de materia o nombre geográfico como elemento de entrada Biologie
Subdivisión general Manuels d'enseignement.
Fuente del encabezamiento o término ram
700 1# - ENTRADA AGREGADA--NOMBRE PERSONAL
Nombre de persona Berg, Linda R.
700 1# - ENTRADA AGREGADA--NOMBRE PERSONAL
Nombre de persona Davis, P. William.
Título de la obra World of biology.
938 ## -
-- Baker & Taylor
-- BKTY
-- 133.95
-- 133.95
-- 0030948657
-- 0002920291
-- active
938 ## -
-- Baker and Taylor
-- BTCP
-- 94061382
938 ## -
-- YBP Library Services
-- YANK
-- 17005
942 ## - ELEMENTOS DE ENTRADA SECUNDARIOS (KOHA)
Fuente del sistema de clasificación o colocación Clasificación de Library of Congress
Tipo de ítem Koha
946 ## - PROCESAMIENTO DE INFORMACIÓN LOCAL (OCLC)
a ccruz
994 ## -
-- C0
-- DRFGD
Holdings
Estatus retirado Estado de pérdida Fuente del sistema de clasificación o colocación Estado de daño No para préstamo Colección Biblioteca de origen Biblioteca actual Ubicación en estantería Fecha de adquisición Serial enumeration / chronology Signatura topográfica completa Código de barras Visto por última vez Copia número Tipo de ítem Koha
    Clasificación de Library of Congress     Humanidades Biblioteca Juan Bosch Biblioteca Juan Bosch Humanidades (4to. Piso) 10/04/2023 1 QH 308.2 S689w 1995 00000080066 25/10/2018 1